书目信息 |
| 书名: | Comparative economic system | |
| 作者: | Schmitzer. | |
| 分册号: | ||
| 分册名: | 出版地: | cincinnati : |
|
| 出版社: | South-weastern college pub | |
| 出版时间: | 1997. | |
| 页数: | 488 p. ; | |
| 开本: | 26cm. | |
| 丛书名: | ||
| 中图分类号: | ||
| 科图分类号: | ||
| 其他分类号: | F064.2 | |
| 主题词: | ||
| 电子资源: | ||
| 000 | 00434nam 2200157 a 4500 | |
| 001 | E0257238903 | |
| 005 | 2002032015535890 | |
| 008 | 020320s1997 00010 eng | |
| 020 | @a0-5388-5714-5 :@cRMB 12.00. | |
| 040 | @aPFT@beng | |
| 090 | @aF064.2 | |
| 099 | @dF064.2@eS361 | |
| 245 | @aComparative economic system / @cSchmitzer. | |
| 250 | @a7th ed. | |
| 260 | @acincinnati :@bSouth-weastern college pub.,@c1997. | |
| 300 | @a488 p. ;@c26cm. | |
| Comparative economic system / / Schmitzer.-7th ed.-cincinnati : : South-weastern college pub., , 1997. |
| 488 p. ; ; 26cm. |
| ISBN 0-5388-5714-5 :RMB 12.00. |
| ● |
| 相关链接 |
|
|
|
正题名:Comparative economic system
索取号:F064.2/S361
 
预约/预借
| 序号 | 登录号 | 条形码 | 馆藏地/架位号 | 状态 | 备注 |
| 1 | 02233 | 300022339 | 社科库409/400A自科库 35排1列3层/ [索取号:F064.2/S361] | 在馆 |